Five Nights at Freddy's Tales from The Pizzaplex #6 Nexie/ (Record no. 202934)

MARC details
000 -LEADER
fixed length control field 00609 a2200205 4500
005 - DATE AND TIME OF LATEST TRANSACTION
control field 20240517123127.0
010 ## - LCCN (DPL NO)
LC control number B-759096
020 ## - INTERNATIONAL STANDARD BOOK NUMBER
International Standard Book Number 9789354716249
Terms of availability 395.00
035 ## - SYSTEM CONTROL NUMBER
System control number B-759096
037 ## - SOURCE OF ACQUISITION
Source of stock number/acquisition Gift
082 ## - DEWEY DECIMAL CLASSIFICATION NUMBER
Classification number S
100 ## - MAIN ENTRY--PERSONAL NAME
Personal name Cawthon, Scott
245 ## - TITLE STATEMENT
Title Five Nights at Freddy's Tales from The Pizzaplex #6 Nexie/
Statement of responsibility, etc Scott Cawthon, kelly Parra and Andrea Waggener
260 ## - PUBLICATION, DISTRIBUTION, ETC. (IMPRINT)
Place of publication, distribution, etc UK
Name of publisher, distributor, etc Scholastic Inc.
Date of publication, distribution, etc 2023
270 ## - ADDRESS
Address UK
City UK
300 ## - PHYSICAL DESCRIPTION
Extent 242 p.
Dimensions 21cm (Pb)
700 ## - ADDED ENTRY--PERSONAL NAME
Personal name Parra, Kelly and Waggener Andrea
9 (RLIN) 66330
942 ## - ADDED ENTRY ELEMENTS (KOHA)
Institution code [OBSOLETE] dpl
Item type Children Books
Source of classification or shelving scheme Dewey Decimal Classification
Classification part S
Call number suffix CAW
Holdings
Withdrawn status Lost status Not for loan Collection code Home library Current library Date acquired Source of acquisition Cost, normal purchase price Full call number Barcode Copy number Cost, replacement price Koha item type Public note
      Fiction Ashok Vihar Ashok Vihar 17/05/2024 Gift/10.5.24 395.00 S CAW B-759096 1 395.00 Children Books Gift

© Delhi Public Library
Hit Counter
free hit counter